000 00239nam a2200097Ia 4500
001 804622
005 20250826171137.0
008 250824s9999 xx 000 0 und d
245 0 _aFESLEĞEN
_cHİKMET ANIL ÖZTEKİN
260 _bHAYY YAYINLARI
999 _c804622
_d804622